CUHSO : Cultura, Hombre y Sociedad /

Detalles Bibliográficos
Formato: Revista
Lenguaje:inglés
Publicado: Temuco, Chile Universidad Católica de Témuco, Centro de Estudios Socioculturales 1984
Materias:

MARC

LEADER 00000cas a2200000 a 4500
001 029899
003 UAHC_CL
005 20170803123134.0
008 061108b xx j 000 1 eng
040 |a UAHC_CL  |c UAHC_CL  |d UAHC_CL 
245 1 0 |a CUHSO :  |b Cultura, Hombre y Sociedad /  |c Universidad Católica de Temuco, Centro de Estudios Socioculturales. 
260 |b Universidad Católica de Témuco, Centro de Estudios Socioculturales  |a Temuco, Chile  |c 1984 
300 |a v. 
650 4 |a CIENCIAS SOCIALES  |x PUBLICACIONES PERIODICAS 
900 |a CUHSO 
942 |c REV 
952 |0 0  |1 0  |4 0  |6 CUHSO_01_99_000000000000000  |7 0  |8 Hemeroteca  |9 58552  |a BC  |b BC  |c Hemeroteca  |d 2017-08-03  |l 0  |o CUHSO-01/99  |p 1356020  |r 2019-12-02 00:00:00  |t 1  |w 2017-08-03  |y REV 
952 |0 0  |1 0  |4 0  |6 CUHSO_01_99_00_000000000000000  |7 0  |8 Hemeroteca  |9 58553  |a BC  |b BC  |c Hemeroteca  |d 2017-08-03  |l 0  |o CUHSO-01/99, 00  |p 1356014  |r 2019-12-02 00:00:00  |t 1  |w 2017-08-03  |y REV 
952 |0 0  |1 0  |4 0  |6 CUHSO_06_01_02_000000000000000  |7 0  |8 Hemeroteca  |9 58554  |a BC  |b BC  |c Hemeroteca  |d 2017-08-03  |l 0  |o CUHSO-06/01, 02  |p 1356011  |r 2019-12-02 00:00:00  |t 1  |w 2017-08-03  |y REV 
952 |0 0  |1 0  |4 0  |6 CUHSO_01_98_000000000000000  |7 0  |8 Hemeroteca  |9 58555  |a BC  |b BC  |c Hemeroteca  |d 2017-08-03  |l 0  |o CUHSO-01/98  |p 1356017  |r 2019-12-02 00:00:00  |t 1  |w 2017-08-03  |y REV 
952 |0 0  |1 0  |4 0  |6 CUHSO_01_03_000000000000000  |7 0  |8 Hemeroteca  |9 58556  |a BC  |b BC  |c Hemeroteca  |d 2017-08-03  |l 0  |o CUHSO-01/03  |p 1356012  |r 2019-12-02 00:00:00  |t 1  |w 2017-08-03  |y REV 
952 |0 0  |1 0  |4 0  |6 CUHSO_08_04_000000000000000  |7 0  |8 Hemeroteca  |9 58557  |a BC  |b BC  |c Hemeroteca  |d 2017-08-03  |l 0  |o CUHSO-08/04  |p 1356015  |r 2019-12-02 00:00:00  |t 1  |w 2017-08-03  |y REV 
952 |0 0  |1 0  |4 0  |6 CUHSO_09_05_000000000000000  |7 0  |8 Hemeroteca  |9 58558  |a BC  |b BC  |c Hemeroteca  |d 2017-08-03  |l 0  |o CUHSO-09/05  |p 1356018  |r 2019-12-02 00:00:00  |t 1  |w 2017-08-03  |y REV 
952 |0 0  |1 0  |4 0  |6 CUHSO_19_10_000000000000000  |7 0  |8 Hemeroteca  |9 58559  |a BC  |b BC  |c Hemeroteca  |d 2017-08-03  |l 0  |o CUHSO-19/10  |p 1405583  |r 2019-12-02 00:00:00  |t 2  |w 2017-08-03  |y REV 
952 |0 0  |1 0  |4 0  |6 CUHSO_21_11_000000000000000  |7 0  |8 Hemeroteca  |9 58560  |a BC  |b BC  |c Hemeroteca  |d 2017-08-03  |l 0  |o CUHSO-21/11  |p 1405632  |r 2019-12-02 00:00:00  |t 3  |w 2017-08-03  |y REV 
999 |c 29899  |d 29899